000 00612nam a22001937a 4500
003 OSt
005 20260126091441.0
008 260126b |||||||| |||| 00| 0 eng d
020 _a971-8705-42-2.
040 _aDWC-Main lib.
_cOC
082 _aGR. 428 B637 1999
245 _aBokabularyong traylinggwal :
_bTausug-Filipino-English/
260 _aManila:
_b Komisyon Sa Wikang Filipino,
_cc1999.
300 _a244 p. ;
_c19 cm.
504 _aTalasanggunian.
650 _a1. Tagalog Language - Dictionaries - English.
650 _a2. Tausug Language - Dictionaries - Tagalog.
942 _2ddc
_cGR
_hGR.
_n0
999 _c7848
_d7848